000 00581nam a2200193Ia 4500
003 GCL
008 140319s9999 xx 000 0 ara d
040 _aGCL /
_cGCL
082 0 4 _aم
_b219.3
_bم ق
100 1 _aمحمد عمارة
245 1 0 _aقاموس المصطلحات الاقتصادية فى الحضارة الاسلامية /
_cمحمد عمارة
300 _a636 ص
490 _aماذا اعرف
_v0
650 0 4 _aالاقتصاد
650 0 4 _aالاسلام
650 0 4 _aالاقتصاد الاسلامى
650 0 4 _aالمعاجم
942 _2ddc
_cREF
999 _c59613
_d59613